Najpopularniejsze kanały na Youtube - Statystyki

Ogólne statystyki
  • Ten quiz został rozwiązany 824 razy
  • Średni wynik to 3 z 25
Statystyki odpowiedzi
Kanał Subskrybcje % Poprawnych
95 450 514 MrBeast
79%
216 074 224 T-Series
70%
111 520 020 PewDiePie
66%
135 652 407 Cocomelon
35%
133 311 845 SET India
12%
68 869 667 Justin Bieber
8%
95 167 335 Kids Diana Show
8%
94 041 904 Like Nastya
8%
88 320 670 WWE
8%
81 728 092 Vlad and Nicki
5%
76 749 700 5-Minute Crafts
4%
74 212 503 BLACKPINK
4%
57 525 605 Dude Perfect
4%
84 000 314 Zee Music Company
4%
65 557 724 Canal KondZilla
3%
65 530 650 HYBE LABELS
2%
66 343 862 BANGTANTV
1%
56 207 456 Chu Chu TV
1%
69 957 672 Goldmines
1%
56 953 249 Movieclips
1%
57 673 980 Pinkfong Baby Shark
1%
59 959 883 Shemaroo Filmi Gaane
1%
67 110 723 Sony SAB
1%
62 256 839 Zee TV
1%
55 265 344 Marszmello
0%
Nie znaleziono quizów pasujących do podanych kryteriów
Rozkład punktacji
Procent ludzi z każdym wynikiem
Percentyl według liczby udzielonych odpowiedzi
Twoja historia wyników
Nie rozwiązałeś tego quizu